CompSysTech'15. Proceedings of the 16th International Conference on Computer Systems and Technologies CompSysTech '15, Dublin, Ireland, June 25-26, 2015 / proceedings
Na minha lista:
| Autor Corporativo: | |
|---|---|
| Outros Autores: | , |
| Formato: | Conference Proceeding Livro |
| Idioma: | inglês |
| Publicado em: |
New York
ACM
2015
|
| Edição: | 1. vyd. |
| Colecção: | ACM international conference proceeding series
1008 |
| Tags: |
Sem tags, seja o primeiro a adicionar uma tag!
|
MARC
| LEADER | 00000nam a22000003a 4500 | ||
|---|---|---|---|
| 001 | 0009945 | ||
| 003 | SK-STU | ||
| 005 | 20160720132427.5 | ||
| 007 | ta | ||
| 008 | 151208s ----xo-----e------100-0-----d | ||
| 020 | |a 978-1-4503-3357-3 | ||
| 040 | |a STU |b slo | ||
| 041 | 0 | |a eng | |
| 044 | |a xxu | ||
| 111 | 2 | |a International Conference on Computer Systems and Technologies |n 16. |d 25.-26.6.2015 |c Dublin, Írsko | |
| 245 | 1 | 0 | |a CompSysTech'15. Proceedings of the 16th International Conference on Computer Systems and Technologies CompSysTech '15, Dublin, Ireland, June 25-26, 2015 / |c ed. Boris Rachev, Angel Smrikarov |b proceedings |
| 250 | |a 1. vyd. | ||
| 260 | |a New York |b ACM |c 2015 | ||
| 300 | |a 393 s. | ||
| 490 | 1 | |a ACM international conference proceeding series |v 1008 | |
| 700 | 1 | |a Rachev, Boris |r Z6 |4 edt | |
| 700 | 1 | |a Smrikarov, Angel |r Z6 |4 edt | |
| 830 | 0 | |a ACM international conference proceeding series |v 1008 | |
| 996 | |b 284ID00164 |c I*Z11052 |l I |s A |a 24 |w 0009945_0001 | ||